Košice Aby neklesala životná úroveň

Bibliographic Details
Main Author: Miškufová, Helena (Author)
Format: Article
Language:Slovak
Subjects:

MARC

LEADER 00000nab a2200000 a 4500
001 vtls000923268
003 SK-MaSNL
005 20260303223532.0
008 040720e19971031xo 0 slo
035 |a KE32145 
040 |a KEVKJB  |b slo  |c KEVKJB  |e AACR2 
041 0 |a slo 
044 |a xo  |c SK 
080 |a 331.884  |2 1981 
100 1 |a Miškufová, Helena  |4 aut  |9 266662 
245 1 0 |a Košice  |b Aby neklesala životná úroveň 
650 0 7 |a odborári  |2 KEVKJB  |9 29742 
650 0 7 |a mítingy protestné  |2 KEVKJB  |9 886722 
650 0 7 |a informácie  |2 KEVKJB  |9 1285 
651 7 |a Košice (Slovensko)  |2 KEVKJB  |9 18694 
651 7 |a Košický samosprávny kraj (Slovensko)  |2 KEVKJB  |9 195425 
651 7 |a KE,  |2 KEVKJB  |9 877256 
655 7 |a periodikum  |2 snkbucl  |9 29553 
773 0 8 |t Práca  |g Roč. 52, č.251, 31.10.1997, s. 4 
852 |a ZVYKNI  |b KIS3GCP 
999 |c 2248240  |d 2250170